| 000 | 00684nam a2200181Ia 4500 | ||
|---|---|---|---|
| 008 | 090124s9999 xx 000 0 und d | ||
| 082 |
_b6272 _a294 |
||
| 100 | _aजोशी अवधूत महादेव | ||
| 245 | _a" चरित्र,आत्मचरित्र आणि टिका" | ||
| 250 | _a1 | ||
| 260 | _c1942 | ||
| 300 | _a206 | ||
| 600 | _aजोशी अवधूत महादेव | ||
| 630 | _a" चरित्र,आत्मचरित्र आणि टिका" | ||
| 700 | _aजोशी अवधूत महादेव | ||
| 730 | _a" चरित्र,आत्मचरित्र आणि टिका" | ||
| 942 | _cBOOK | ||
| 999 |
_c120213 _d120213 |
||